Chemistry for today : (Record no. 20293)
[ view plain ]
| 000 -LEADER | |
|---|---|
| fixed length control field | 00740cam a2200241 a 4500 |
| 001 - CONTROL NUMBER | |
| control field | 13343072 |
| 003 - CONTROL NUMBER IDENTIFIER | |
| control field | OSt |
| 005 - DATE AND TIME OF LATEST TRANSACTION | |
| control field | 20210209151159.0 |
| 008 - FIXED-LENGTH DATA ELEMENTS--GENERAL INFORMATION | |
| fixed length control field | 030912s2004 caua 001 0 eng |
| 010 ## - LIBRARY OF CONGRESS CONTROL NUMBER | |
| LC control number | 2003112792 |
| 020 ## - INTERNATIONAL STANDARD BOOK NUMBER | |
| International Standard Book Number | 053439969X |
| 040 ## - CATALOGING SOURCE | |
| Original cataloging agency | MMU |
| Transcribing agency | MMU |
| Modifying agency | MMU |
| Language of cataloging | eng |
| 050 00 - LIBRARY OF CONGRESS CALL NUMBER | |
| Classification number | QD31.3 |
| Item number | .S42 2004 |
| 100 1# - MAIN ENTRY--PERSONAL NAME | |
| Personal name | Seager, Spencer L. |
| 245 10 - TITLE STATEMENT | |
| Title | Chemistry for today : |
| Remainder of title | general, organic, and biochemistry / |
| Statement of responsibility, etc. | Spencer L. Seager, Michael R. Slabaugh. |
| 250 ## - EDITION STATEMENT | |
| Edition statement | 5th ed. |
| 260 ## - PUBLICATION, DISTRIBUTION, ETC. (IMPRINT) | |
| Place of publication, distribution, etc. | Belmont, CA : |
| Name of publisher, distributor, etc. | Thomson-Brooks/Cole, |
| Date of publication, distribution, etc. | c2004. |
| 300 ## - PHYSICAL DESCRIPTION | |
| Extent | 1 v. (various pagings) : |
| Other physical details | ill. (some col.) ; |
| Dimensions | 29 cm. |
| 500 ## - GENERAL NOTE | |
| General note | Includes index. |
| 650 #0 - SUBJECT ADDED ENTRY--TOPICAL TERM | |
| Topical term or geographic name as entry element | Chemistry. |
| 700 1# - ADDED ENTRY--PERSONAL NAME | |
| Personal name | Slabaugh, Michael R., |
| Dates associated with a name | 1943- |
| 942 ## - ADDED ENTRY ELEMENTS (KOHA) | |
| Source of classification or shelving scheme | Library of Congress Classification |
| Koha item type | L |
| Withdrawn status | Lost status | Source of classification or shelving scheme | Damaged status | Not for loan | Home library | Current library | Date acquired | Source of acquisition | Total Checkouts | Full call number | Barcode | Date last seen | Price effective from | Koha item type |
|---|---|---|---|---|---|---|---|---|---|---|---|---|---|---|
| Library of Congress Classification | Maasai Mara University Library -Main Campus | Maasai Mara University Library -Main Campus | 12/14/2016 | Donation -T4C | QD31.3.S42 2004 | 16019037 | 12/14/2016 | 12/14/2016 | L |